000
00278nam a2200121Ia 4500
008
190216s9999||||xx |||||||||||||| ||und||
100
_a
Hariharan Ashamnnoor
245
0
_a
Grimminde Kathakal
260
_b
Dc Books Kottayam
300
_a
424
650
_a
Kathakal
942
_c
BK
999
_c
27892
_d
27892